000 01158nas a2200361 4500
001 BR9705277
003 BR-BrBNA
005 20231205100623.0
007 ta
008 230509b bl.|||p| |||| 00| 00por d
040 _aBR-BrBNA
_bpor
_cBiblioteca Nacional de Agricultura
041 _a(Pt)
072 _aL51; Q54
100 1 _aFerreira, W.M.
100 1 _aSartori, A.L.
100 1 _aSantiago, G.S.
100 1 _aVeloso, J.A.F.
245 1 _aDigestibilidade aparente dos fenos de rami (Boehmeria nivea, G.), guandu (Cajanus cajan, L.), soja perene (Glycine wightii, V.)e da palha de feijao (Phaseolus vulgaris, L.)em coelhos na fase de crescimento
650 _aCoelho
650 _aFeno
650 _aRami
650 _aGuandu
650 _aSoja Perene
650 _aFeijao
650 _aPalha
650 _aDieta
650 _aComposicao Quimica
650 _aDigestibilidade Aparente
650 _aValor Nutritivo
773 0 _tArquivo Brasileiro de Medicina Veterinaria e Zootecnia (Brazil)
_xISSN 0102-0935
_g(Aug 1997), v. 49(4) p. 465-472
_wBR9705277
909 _a202311
_bLúcia
_c55
_dLúcia Elande
942 _2AGRIS
_n0
_cANA
999 _c157046
_d157046